[Event "3. Festival Olimpico"]
[Site "Salinas ECU"]
[Date "2005.02.17"]
[Round "1.2"]
[White "Lopez, Marlon"]
[Black "Munoz Sanchez, Miguel"]
[Result "1/2-1/2"]
[WhiteElo "2331"]
[BlackElo "2388"]
[PlyCount "55"]
[EventDate "2005.02.17"]
[EventType "tourn"]
[EventRounds "9"]
[EventCountry "ECU"]
[EventCategory "8"]
[Source "lmi"]
[SourceDate "2005.02.27"]

1. e4 e5 2. Nf3 Nc6 3. d4 exd4 4. Bc4 Bc5 5. c3 Nf6 6. e5 d5 7. Bb5 Ne4 8. Nxd4
O-O 9. Bxc6 bxc6 10. O-O Bd7 11. Be3 Qe7 12. f3 Ng5 13. f4 Ne4 14. Nd2 Nxd2 15.
Qxd2 f6 16. e6 Bxd4 17. Bxd4 Bxe6 18. Qf2 Rfe8 19. f5 Bd7 20. Bxa7 Qe2 21. Bd4
Re4 22. Qg3 Rg4 23. Rfe1 Rxg3 24. Rxe2 Rg5 25. Re7 Bxf5 26. a4 Bd3 27. a5 c5
28. Bxc5 1/2-1/2

[Event "3. Festival Olimpico"]
[Site "Salinas ECU"]
[Date "2005.02.17"]
[Round "1.4"]
[White "Medina, Miguel"]
[Black "Mieles Palau, Daniel"]
[Result "1/2-1/2"]
[WhiteElo "2433"]
[BlackElo "2444"]
[PlyCount "95"]
[EventDate "2005.02.17"]
[EventType "tourn"]
[EventRounds "9"]
[EventCountry "ECU"]
[EventCategory "8"]
[Source "lmi"]
[SourceDate "2005.02.27"]

1. c4 e6 2. Nc3 d5 3. d4 Nf6 4. Nf3 c5 5. cxd5 exd5 6. g3 Nc6 7. Bg2 Be7 8. O-O
O-O 9. dxc5 Bxc5 10. Na4 Be7 11. Be3 Be6 12. Rc1 Qa5 13. Bc5 Rac8 14. Nd4 Nxd4
15. Qxd4 Bxc5 16. Nxc5 Qb6 17. e3 Rc6 18. Nb3 Rfc8 19. Rxc6 Rxc6 20. Qxb6 Rxb6
21. Rc1 Rc6 22. Rb1 Kf8 23. Nd4 Rc8 24. Rd1 Ke7 25. f3 g6 26. Kf2 Nd7 27. h4
Ne5 28. Bf1 Nc6 29. Bd3 Nxd4 30. exd4 Kd6 31. Ke3 Bd7 32. Kd2 h6 33. Re1 a5 34.
g4 b5 35. a3 Rb8 36. Ra1 g5 37. hxg5 hxg5 38. Rh1 b4 39. Rh6+ Be6 40. axb4 Rxb4
41. Kc3 Rb8 42. Rh5 Rc8+ 43. Kd2 Rb8 44. Kc3 Rc8+ 45. Kd2 Rb8 46. Kc3 Rc8+ 47.
Kd2 Rb8 48. Kc3 1/2-1/2

[Event "3. Festival Olimpico"]
[Site "Salinas ECU"]
[Date "2005.02.17"]
[Round "1.5"]
[White "Hellsten, Johan"]
[Black "Ricaurte Lopez, Juan Carlos"]
[Result "1-0"]
[WhiteElo "2554"]
[BlackElo "2333"]
[PlyCount "91"]
[EventDate "2005.02.17"]
[EventType "tourn"]
[EventRounds "9"]
[EventCountry "ECU"]
[EventCategory "8"]
[Source "lmi"]
[SourceDate "2005.02.27"]

1. d4 d5 2. c4 e6 3. Nc3 f5 4. Nf3 c6 5. Bf4 Nf6 6. e3 Be7 7. Bd3 O-O 8. Qc2
Ne4 9. g4 Qa5 10. Ke2 Bb4 11. Rhg1 Nd7 12. gxf5 exf5 13. cxd5 Bxc3 14. dxc6
bxc6 15. bxc3 Nxc3+ 16. Kf1 Ba6 17. Rc1 Nd5 18. Be5 Rf7 19. Bxa6 Qxa6+ 20. Qc4
Qb5 21. Kg2 N7b6 22. Qxc6 Qxc6 23. Rxc6 Nb4 24. Re6 Rc8 25. a3 N4d5 26. Bd6 Rf6
27. Rxf6 Nxf6 28. Ne1 Ne4 29. Bb4 Nc4 30. Nd3 a5 31. Bc5 Rc6 32. Rc1 Ncd2 33.
Ne5 Rc8 34. Rc2 Nb3 35. Nd3 Kf7 36. f3 Nexc5 37. dxc5 Ke6 38. Rc3 a4 39. Rc4
Rd8 40. Nf4+ Ke5 41. h4 g6 42. Kg3 Ra8 43. Kf2 Ra5 44. c6 Ra8 45. c7 Rc8 46.
Rc6 1-0

[Event "3. Festival Olimpico"]
[Site "Salinas ECU"]
[Date "2005.02.18"]
[Round "2.2"]
[White "Mieles Palau, Daniel"]
[Black "Hellsten, Johan"]
[Result "0-1"]
[WhiteElo "2444"]
[BlackElo "2554"]
[PlyCount "76"]
[EventDate "2005.02.17"]
[EventType "tourn"]
[EventRounds "9"]
[EventCountry "ECU"]
[EventCategory "8"]
[Source "lmi"]
[SourceDate "2005.02.27"]

1. e4 c5 2. Nf3 e6 3. c3 Nf6 4. e5 Nd5 5. d4 cxd4 6. cxd4 d6 7. Nc3 Nxc3 8.
bxc3 Nd7 9. exd6 Bxd6 10. Bd3 O-O 11. O-O b6 12. Ng5 Nf6 13. Qf3 Bd7 14. c4 Rc8
15. Bb2 h6 16. Ne4 Nxe4 17. Qxe4 g6 18. Rfe1 Re8 19. Rac1 Bf8 20. Qe3 Bg7 21.
Be4 h5 22. Red1 Ba4 23. Rd3 Bc6 24. Bxc6 Rxc6 25. Qe4 Qc8 26. Ra3 Re7 27. Qd3
Rd7 28. g3 Rcd6 29. Rd1 Qd8 30. Qf3 a5 31. Rad3 Bxd4 32. Rxd4 Rxd4 33. Rxd4
Rxd4 34. Bxd4 Qxd4 35. Qc6 Qa1+ 36. Kg2 Qxa2 37. Qxb6 Qxc4 38. Qxa5 Qd5+ 0-1

[Event "3. Festival Olimpico"]
[Site "Salinas ECU"]
[Date "2005.02.18"]
[Round "2.3"]
[White "Fierro Baquero, Martha Lorena"]
[Black "Medina, Miguel"]
[Result "1/2-1/2"]
[WhiteElo "2330"]
[BlackElo "2433"]
[PlyCount "38"]
[EventDate "2005.02.17"]
[EventType "tourn"]
[EventRounds "9"]
[EventCountry "ECU"]
[EventCategory "8"]
[Source "lmi"]
[SourceDate "2005.02.27"]

1. e4 e6 2. d4 d5 3. Nc3 dxe4 4. Nxe4 Bd7 5. Nf3 Bc6 6. Bd3 Nd7 7. c3 Be7 8.
Qe2 Ngf6 9. Bd2 Nxe4 10. Bxe4 Bxe4 11. Qxe4 c6 12. O-O O-O 13. c4 Re8 14. Rad1
Qb6 15. Bc3 Bb4 16. Bxb4 Qxb4 17. b3 a5 18. Rd3 a4 19. Ne5 Nxe5 1/2-1/2

[Event "3. Festival Olimpico"]
[Site "Salinas ECU"]
[Date "2005.02.18"]
[Round "3.1"]
[White "Lopez, Marlon"]
[Black "Arencibia, Walter"]
[Result "0-1"]
[WhiteElo "2331"]
[BlackElo "2526"]
[PlyCount "90"]
[EventDate "2005.02.17"]
[EventType "tourn"]
[EventRounds "9"]
[EventCountry "ECU"]
[EventCategory "8"]
[Source "lmi"]
[SourceDate "2005.02.27"]

1. e4 g6 2. d4 Bg7 3. Nc3 c6 4. g3 d5 5. exd5 cxd5 6. Bg2 Nf6 7. Nge2 Nc6 8.
O-O O-O 9. Bg5 e6 10. Qd2 Qb6 11. Na4 Qa5 12. Qxa5 Nxa5 13. Nc5 b6 14. Nd3 Ba6
15. Rfd1 Ne4 16. Be7 Rfc8 17. c3 Rc7 18. Bb4 Nc4 19. b3 Nb2 20. Nxb2 Bxe2 21.
Re1 a5 22. Bxe4 axb4 23. Rxe2 bxc3 24. Na4 Bxd4 25. Bd3 Ra5 26. Rc1 b5 27. Nb2
Rxa2 28. Nd1 Rxe2 29. Bxe2 b4 30. Ne3 Bxe3 31. fxe3 Ra7 32. Bd3 f5 33. Kf2 Kf7
34. Ke2 e5 35. Bc2 Ke6 36. Kd3 Ra2 37. Ke2 e4 38. h4 Ke5 39. Kf2 h6 40. Kg2 g5
41. hxg5 hxg5 42. Kf2 f4 43. gxf4+ gxf4 44. exf4+ Kxf4 45. Ke2 d4 0-1

[Event "3. Festival Olimpico"]
[Site "Salinas ECU"]
[Date "2005.02.18"]
[Round "3.4"]
[White "Hellsten, Johan"]
[Black "Fierro Baquero, Martha Lorena"]
[Result "1/2-1/2"]
[WhiteElo "2554"]
[BlackElo "2330"]
[PlyCount "79"]
[EventDate "2005.02.17"]
[EventType "tourn"]
[EventRounds "9"]
[EventCountry "ECU"]
[EventCategory "8"]
[Source "lmi"]
[SourceDate "2005.02.27"]

1. d4 Nf6 2. c4 g6 3. Nc3 Bg7 4. Nf3 O-O 5. Bg5 d6 6. e3 Nbd7 7. Be2 e5 8. O-O
h6 9. Bh4 g5 10. dxe5 dxe5 11. Bg3 Qe7 12. Nd2 Ne8 13. Nd5 Qd8 14. e4 Nc5 15.
b4 Ne6 16. Bg4 Nd4 17. Bxc8 Rxc8 18. Ne3 Qe7 19. Rb1 Nf6 20. Re1 Rfd8 21. Nf3
Qe6 22. Nd5 Nxf3+ 23. Qxf3 c6 24. Nxf6+ Bxf6 25. Rbd1 Kg7 26. Qe2 Rxd1 27. Rxd1
Rd8 28. Rxd8 Bxd8 29. c5 Be7 30. Qc2 Kg6 31. f3 h5 32. Kf1 g4 33. fxg4 hxg4 34.
Qb2 Qc4+ 35. Qe2 Qxe2+ 36. Kxe2 f5 37. Bxe5 fxe4 38. h3 gxh3 39. gxh3 Bg5 40.
Ke1 1/2-1/2

[Event "3. Festival Olimpico"]
[Site "Salinas ECU"]
[Date "2005.02.19"]
[Round "4.4"]
[White "Blatny, Pavel"]
[Black "Medina, Miguel"]
[Result "1-0"]
[WhiteElo "2456"]
[BlackElo "2433"]
[PlyCount "79"]
[EventDate "2005.02.17"]
[EventType "tourn"]
[EventRounds "9"]
[EventCountry "ECU"]
[EventCategory "8"]
[Source "lmi"]
[SourceDate "2005.02.27"]

1. f4 d5 2. b3 Nf6 3. Bb2 g6 4. e3 Bg7 5. Be2 c5 6. Nf3 O-O 7. O-O b6 8. a4 Nc6
9. Ne5 Bb7 10. Bf3 Qc7 11. Nxc6 Bxc6 12. Qe2 Rad8 13. Be5 Qb7 14. d3 Ne8 15.
Bxg7 Nxg7 16. g4 f5 17. g5 e5 18. fxe5 Qe7 19. d4 cxd4 20. exd4 Ne6 21. c3 Nxg5
22. Nd2 Ne4 23. Nxe4 dxe4 24. Bg2 Qe6 25. Qc2 e3 26. Bxc6 Qxc6 27. Rf4 g5 28.
Rxf5 Rxf5 29. Qxf5 Rf8 30. Qd3 Qf3 31. Qf1 Qe4 32. Qg2 Qd3 33. Re1 Qxc3 34.
Qxg5+ Kh8 35. Qxe3 Qc2 36. Qe2 Qxb3 37. e6 Rf5 38. e7 Qg8+ 39. Kh1 Qe8 40. Qe6
1-0

[Event "3. Festival Olimpico"]
[Site "Salinas ECU"]
[Date "2005.02.20"]
[Round "5.2"]
[White "Medina, Miguel"]
[Black "Lopez, Marlon"]
[Result "1-0"]
[WhiteElo "2433"]
[BlackElo "2331"]
[PlyCount "61"]
[EventDate "2005.02.17"]
[EventType "tourn"]
[EventRounds "9"]
[EventCountry "ECU"]
[EventCategory "8"]
[Source "lmi"]
[SourceDate "2005.02.27"]

1. g3 Nf6 2. Bg2 d5 3. Nf3 e6 4. O-O Be7 5. d3 O-O 6. Nbd2 c5 7. e4 Nc6 8. Re1
b6 9. e5 Nd7 10. Nf1 Qc7 11. Bf4 Ba6 12. h4 c4 13. d4 c3 14. b3 Ba3 15. Ne3 Nb4
16. Ng5 h6 17. Nh3 Rac8 18. Qh5 f5 19. Bxh6 Nb8 20. Bf4 Qf7 21. Qd1 N8c6 22.
Ng5 Qe8 23. Bf3 Nd8 24. Bh5 g6 25. Bf3 Nf7 26. h5 Nxg5 27. Bxg5 Rc7 28. Ng2 Rh7
29. Nf4 gxh5 30. Kg2 Nc6 31. Rh1 1-0

[Event "3. Festival Olimpico"]
[Site "Salinas ECU"]
[Date "2005.02.20"]
[Round "5.4"]
[White "Ricaurte Lopez, Juan Carlos"]
[Black "Munoz Sanchez, Miguel"]
[Result "1/2-1/2"]
[WhiteElo "2333"]
[BlackElo "2388"]
[PlyCount "22"]
[EventDate "2005.02.17"]
[EventType "tourn"]
[EventRounds "9"]
[EventCountry "ECU"]
[EventCategory "8"]
[Source "lmi"]
[SourceDate "2005.02.27"]

1. e4 c5 2. Nf3 Nc6 3. d4 cxd4 4. Nxd4 Nf6 5. Nc3 e6 6. Nxc6 bxc6 7. Bd3 d5 8.
exd5 exd5 9. O-O Bd6 10. Re1+ Be6 11. Bg5 O-O 1/2-1/2

[Event "3. Festival Olimpico"]
[Site "Salinas ECU"]
[Date "2005.02.20"]
[Round "5.5"]
[White "Mieles Palau, Daniel"]
[Black "Fierro Baquero, Martha Lorena"]
[Result "1-0"]
[WhiteElo "2444"]
[BlackElo "2330"]
[PlyCount "91"]
[EventDate "2005.02.17"]
[EventType "tourn"]
[EventRounds "9"]
[EventCountry "ECU"]
[EventCategory "8"]
[Source "lmi"]
[SourceDate "2005.02.27"]

1. e4 d5 2. exd5 Qxd5 3. d4 e5 4. Nf3 Bg4 5. Be2 Nc6 6. c4 Bb4+ 7. Nbd2 Qd6 8.
d5 Bxf3 9. Bxf3 Nd4 10. O-O Bxd2 11. Bxd2 Ne7 12. a3 O-O 13. Re1 Rfe8 14. Bc3
Nef5 15. Be4 Rad8 16. b4 c5 17. dxc6 bxc6 18. Qa4 Qc7 19. Rad1 Nd6 20. Bd3 f6
21. Bf1 N6f5 22. Bd3 Nd6 23. Bxd4 exd4 24. c5 Rxe1+ 25. Rxe1 Nf7 26. Be4 Ne5
27. f4 Ng4 28. Qb3+ Qf7 29. Bxh7+ Kf8 30. Qxf7+ Kxf7 31. Bd3 g5 32. fxg5 fxg5
33. Rf1+ Ke7 34. Rf5 Ke6 35. Rxg5 Ne5 36. Rg3 Kd5 37. Kf2 Nxd3+ 38. Rxd3 Kc4
39. Ke2 a5 40. Rd1 axb4 41. Rc1+ Kb3 42. axb4 Kxb4 43. Kd3 Rd5 44. h4 Rxc5 45.
Rxc5 Kxc5 46. h5 1-0

[Event "3. Festival Olimpico"]
[Site "Salinas ECU"]
[Date "2005.02.20"]
[Round "6.1"]
[White "Arencibia, Walter"]
[Black "Fierro Baquero, Martha Lorena"]
[Result "1/2-1/2"]
[WhiteElo "2526"]
[BlackElo "2330"]
[PlyCount "20"]
[EventDate "2005.02.17"]
[EventType "tourn"]
[EventRounds "9"]
[EventCountry "ECU"]
[EventCategory "8"]
[Source "lmi"]
[SourceDate "2005.02.27"]

1. e4 d5 2. exd5 Qxd5 3. Nc3 Qa5 4. Bc4 c6 5. Qe2 Nf6 6. Nf3 Bf5 7. O-O e6 8.
d3 Be7 9. Bd2 Qc7 10. h3 O-O 1/2-1/2

[Event "3. Festival Olimpico"]
[Site "Salinas ECU"]
[Date "2005.02.20"]
[Round "6.2"]
[White "Munoz Sanchez, Miguel"]
[Black "Mieles Palau, Daniel"]
[Result "0-1"]
[WhiteElo "2388"]
[BlackElo "2444"]
[PlyCount "46"]
[EventDate "2005.02.17"]
[EventType "tourn"]
[EventRounds "9"]
[EventCountry "ECU"]
[EventCategory "8"]
[Source "lmi"]
[SourceDate "2005.02.27"]

1. e4 c5 2. Nf3 d6 3. d4 cxd4 4. Nxd4 Nf6 5. Nc3 g6 6. Be3 Bg7 7. f3 O-O 8. Qd2
Nc6 9. O-O-O Nxd4 10. Bxd4 Be6 11. Kb1 Qc7 12. h4 Rfc8 13. g4 Qa5 14. h5 Rxc3
15. Qxc3 Qxa2+ 16. Kc1 Rc8 17. Qe3 Qa4 18. Bc3 b5 19. hxg6 b4 20. gxf7+ Bxf7
21. Qd4 Qa1+ 22. Kd2 bxc3+ 23. bxc3 Qa5 0-1

[Event "3. Festival Olimpico"]
[Site "Salinas ECU"]
[Date "2005.02.21"]
[Round "7.1"]
[White "Medina, Miguel"]
[Black "Arencibia, Walter"]
[Result "1/2-1/2"]
[WhiteElo "2433"]
[BlackElo "2526"]
[PlyCount "72"]
[EventDate "2005.02.17"]
[EventType "tourn"]
[EventRounds "9"]
[EventCountry "ECU"]
[EventCategory "8"]
[Source "lmi"]
[SourceDate "2005.02.27"]

1. Nf3 Nf6 2. c4 e6 3. Nc3 Bb4 4. b3 d5 5. Bb2 O-O 6. e3 c5 7. Na4 Nbd7 8. a3
Ba5 9. Be2 dxc4 10. bxc4 Qe7 11. O-O e5 12. d3 e4 13. dxe4 Nxe4 14. Qd5 Nb6 15.
Nxb6 Bxb6 16. Bd3 Re8 17. Qh5 h6 18. Rad1 Nf6 19. Qh4 Nh7 20. Qg3 Ng5 21. Ne5
f6 22. Ng6 Qf7 23. Nf4 Ne4 24. Qf3 Bf5 25. Qe2 Bh7 26. Qc2 f5 27. Be2 Bc7 28.
Bh5 g6 29. Bf3 Be5 30. Bxe4 fxe4 31. Bxe5 Rxe5 32. Rd6 Rf8 33. Qb2 Rf5 34. h3
g5 35. Nd5 Qg7 36. Qb5 Rxf2 1/2-1/2

[Event "3. Festival Olimpico"]
[Site "Salinas ECU"]
[Date "2005.02.21"]
[Round "7.3"]
[White "Ricaurte Lopez, Juan Carlos"]
[Black "Lopez, Marlon"]
[Result "1/2-1/2"]
[WhiteElo "2333"]
[BlackElo "2331"]
[PlyCount "23"]
[EventDate "2005.02.17"]
[EventType "tourn"]
[EventRounds "9"]
[EventCountry "ECU"]
[EventCategory "8"]
[Source "lmi"]
[SourceDate "2005.02.27"]

1. e4 Nf6 2. Nc3 d5 3. exd5 Nxd5 4. Bc4 c6 5. Nf3 Bg4 6. O-O e6 7. a3 Be7 8. d3
O-O 9. Re1 Nxc3 10. bxc3 Bf6 11. Bd2 Nd7 12. Rb1 1/2-1/2

[Event "3. Festival Olimpico"]
[Site "Salinas ECU"]
[Date "2005.02.22"]
[Round "8.1"]
[White "Arencibia, Walter"]
[Black "Munoz Sanchez, Miguel"]
[Result "1-0"]
[WhiteElo "2526"]
[BlackElo "2388"]
[PlyCount "69"]
[EventDate "2005.02.17"]
[EventType "tourn"]
[EventRounds "9"]
[EventCountry "ECU"]
[EventCategory "8"]
[Source "lmi"]
[SourceDate "2005.02.27"]

1. Nf3 c5 2. b3 Nc6 3. Bb2 d6 4. c4 e6 5. g3 Nf6 6. Bg2 Be7 7. O-O O-O 8. Nc3
a6 9. d4 cxd4 10. Nxd4 Bd7 11. Qd2 Qa5 12. Rfd1 Nxd4 13. Qxd4 Bc6 14. e4 Rfd8
15. Qd2 Qh5 16. a4 Rac8 17. h3 Qg6 18. Qe3 h5 19. Nd5 Bxd5 20. cxd5 Rc2 21. Ba3
h4 22. dxe6 fxe6 23. g4 e5 24. Rac1 Ra2 25. b4 Rf8 26. Rd2 Rxd2 27. Qxd2 Kh8
28. Rc7 Nxg4 29. hxg4 Qxg4 30. Rc3 Bg5 31. Qe1 Rf6 32. Kh1 Bf4 33. Bh3 Qh5 34.
f3 Bg3 35. Qe2 1-0

[Event "3. Festival Olimpico"]
[Site "Salinas ECU"]
[Date "2005.02.22"]
[Round "8.3"]
[White "Lopez, Marlon"]
[Black "Mieles Palau, Daniel"]
[Result "0-1"]
[WhiteElo "2331"]
[BlackElo "2444"]
[PlyCount "82"]
[EventDate "2005.02.17"]
[EventType "tourn"]
[EventRounds "9"]
[EventCountry "ECU"]
[EventCategory "8"]
[Source "lmi"]
[SourceDate "2005.02.27"]

1. e4 c5 2. Nf3 d6 3. d4 cxd4 4. Nxd4 Nf6 5. Nc3 g6 6. Be3 Bg7 7. f3 Nc6 8. Qd2
O-O 9. Bc4 Bd7 10. O-O-O Ne5 11. Bb3 Qa5 12. h4 Rfc8 13. g4 Rc4 14. h5 Rxd4 15.
Qxd4 Nxf3 16. Qd3 Ne5 17. Qd2 Bxg4 18. hxg6 hxg6 19. Rdf1 Rc8 20. Bh6 Nf3 21.
Qe3 Qc5 22. Qxc5 dxc5 23. Bxg7 Kxg7 24. Bd5 Rb8 25. a4 b6 26. Rf2 Ne5 27. Rhf1
a6 28. b3 b5 29. axb5 axb5 30. Kb2 Bh3 31. Ra1 e6 32. Ba8 g5 33. Ra7 g4 34. Ne2
Nh5 35. Rh2 Kg6 36. Bb7 Kg5 37. Ba6 Nf6 38. Bb7 Nf3 39. Rh1 Bg2 40. Rd1 Ne5 41.
Ng3 Kh4 0-1

[Event "3. Festival Olimpico"]
[Site "Salinas ECU"]
[Date "2005.02.22"]
[Round "8.5"]
[White "Medina, Miguel"]
[Black "Hellsten, Johan"]
[Result "1/2-1/2"]
[WhiteElo "2433"]
[BlackElo "2554"]
[PlyCount "143"]
[EventDate "2005.02.17"]
[EventType "tourn"]
[EventRounds "9"]
[EventCountry "ECU"]
[EventCategory "8"]
[Source "lmi"]
[SourceDate "2005.02.27"]

1. c4 e5 2. g3 Nf6 3. Bg2 Nc6 4. Nc3 Bc5 5. a3 a6 6. e3 O-O 7. Nge2 d6 8. d4
Ba7 9. h3 exd4 10. exd4 Re8 11. O-O h6 12. Be3 Ne7 13. g4 h5 14. f3 c6 15. Qd2
b5 16. b3 bxc4 17. bxc4 a5 18. Bg5 Nh7 19. Bh4 Ba6 20. Qa2 Qd7 21. Bf2 Qe6 22.
d5 cxd5 23. cxd5 Qd7 24. Qd2 Nf6 25. Rfe1 Rac8 26. Bf1 Bxf2+ 27. Kxf2 Qa7+ 28.
Kg2 Qc5 29. Rac1 Nexd5 30. Nxd5 Qxd5 31. Qxd5 Nxd5 32. Kf2 Rxc1 33. Rxc1 Ne3
34. Ng3 Nxf1 35. Nxf1 hxg4 36. hxg4 Re2+ 37. Kg3 Ra2 38. Ne3 Rxa3 39. Nf5 Bb7
40. Nxd6 Rxf3+ 41. Kh4 Bd5 42. Rc5 Be6 43. Rxa5 f6 44. Ra4 Kh7 45. Ne4 Rf4 46.
Nc5 Rxa4 47. Nxa4 Kg6 48. Nc5 Bc8 49. Nd3 Ba6 50. Nf4+ Kh6 51. Ne6 g5+ 52. Kg3
Be2 53. Nd4 Bd1 54. Nf5+ Kg6 55. Nd6 Kg7 56. Nf5+ Kf7 57. Ne3 Be2 58. Nf5 Bd3
59. Nd4 Ke7 60. Nf3 Kd6 61. Ng1 Ke5 62. Nf3+ Kd5 63. Ng1 Ke4 64. Nf3 Ke3 65.
Ng1 Bf1 66. Nf3 Be2 67. Ng1 Bd1 68. Nh3 Ke2 69. Nf4+ gxf4+ 70. Kxf4 Bc2 71. g5
fxg5+ 72. Kxg5 1/2-1/2

[Event "3. Festival Olimpico"]
[Site "Salinas ECU"]
[Date "2005.02.23"]
[Round "9.2"]
[White "Ricaurte Lopez, Juan Carlos"]
[Black "Medina, Miguel"]
[Result "1/2-1/2"]
[WhiteElo "2333"]
[BlackElo "2433"]
[PlyCount "22"]
[EventDate "2005.02.17"]
[EventType "tourn"]
[EventRounds "9"]
[EventCountry "ECU"]
[EventCategory "8"]
[Source "lmi"]
[SourceDate "2005.02.27"]

1. e4 c5 2. Nf3 e6 3. d4 cxd4 4. Nxd4 a6 5. Bd3 Nc6 6. Nxc6 dxc6 7. O-O e5 8.
Nd2 Nf6 9. a4 Be6 10. Qe2 Bc5 11. Nc4 Bxc4 1/2-1/2

[Event "3. Festival Olimpico"]
[Site "Salinas ECU"]
[Date "2005.02.23"]
[Round "9.4"]
[White "Fierro Baquero, Martha Lorena"]
[Black "Lopez, Marlon"]
[Result "1-0"]
[WhiteElo "2330"]
[BlackElo "2331"]
[PlyCount "50"]
[EventDate "2005.02.17"]
[EventType "tourn"]
[EventRounds "9"]
[EventCountry "ECU"]
[EventCategory "8"]
[Source "lmi"]
[SourceDate "2005.02.27"]

1. d4 Nf6 2. Nf3 e6 3. Bf4 b6 4. e3 Bb7 5. Bd3 Be7 6. h3 O-O 7. O-O d5 8. Ne5
Nbd7 9. Nd2 c5 10. c3 Rc8 11. Qe2 Ne4 12. Nxe4 dxe4 13. Ba6 Bxa6 14. Qxa6 Nxe5
15. Bxe5 cxd4 16. exd4 Qd7 17. a4 f6 18. Bh2 f5 19. f3 exf3 20. Rxf3 Bf6 21.
Re1 Rc6 22. Qb5 Qd5 23. Qxd5 exd5 24. Be5 Bh4 25. g3 Bg5 1-0